000 01220nam0a22003251 4500
001 v19\rc\1768339
005 20260406160505.0
035 _a(NLR Aleph) 004891125
090 _a5272335
_c5272335
100 _a20061204d1903 |||y0rusy50 ca
101 1 _arus
_cspa
102 _aRU
105 _aac z |||c|
200 1 _aДон-Кихот
_eСокр. пер. для юношества
_eС крат. очерком о жизни Сервантеса, его портр. и 43 рис. в тексте
_fСервантес
205 _a2-е изд., испр.
210 _aСанкт-Петербург
_cП.В. Луковников
_dценз. 1903
215 _a184 с.
_cфронт. (портр.), ил.
_d19
532 1 3 _aДон-Кихот
700 1 _8rus
_7ca
_aСервантес Сааведра
_bМ. де
_f1547-1616
_gМигель де
_3RU\NLR\AUTH\778257
_9118169
790 1 _aСааведра
_bМ. де
_f1547-1616
_gМигель де
801 0 _aRU
_bNLR
_gpsbo
801 0 _aRU
_bRuMoRGB
_2psbo
801 1 _aRU
_bProSoft-M
_2rusmarc
801 2 _aRU
_bNLR
_c20130130
_2rusmarc
852 _aNLR
_j38.39.2.11
899 _aRuMoRGB
_jE 39/152
899 _aБАН
942 _cBOOK
980 _aNB